000 01890cam a22004694i 4500
003 PE-LiUPU
005 20250731172807.0
008 150617s1965 sp r 000 0 spa d
035 _a(Sirsi) a13413
040 _aPE-LiUPU
_bspa
_cPE-LiUPU
_erda
049 _aPRUA
082 0 4 _a227.1
_bA31
_221
100 1 _aAhern, Barnabas M.,
_eautor.
245 1 0 _aCartas de San Pablo a los Gálatas y Romanos /
_cBarnabas M. Ahern.
264 1 _aSantander :
_bEditorial "Sal Terrae",
_c1965.
300 _a158 páginas ;
_c18 centímetros.
336 _atext
_2rdacontent
337 _aunmediated
_2rdamedia
338 _avolume
_2rdacarrier
490 0 _aConoce la Cartas.
505 0 _aIntroducción a la Epístola a Gálatas. Defensa de su autoridad. Defensa de su doctrina. Exhortación. Palabras de aliento y conclusión. Introducción a la epístola a romanos. Sin Cristo no hay salvación. La salvación por medio de Cristo -- Riquezas y exigencias de la salvación -- Judíos y gentiles en el plan de Dios -- Consejos y exhortación -- Despedida y acción de gracias.
526 _aSEG42
526 _aSEG41
526 _aSEG40
526 _aSEG39
526 _aP94
526 _aP87
526 _aP86
526 _aP85
526 _aP77
526 _aP76
526 _aP35
630 _aBiblia
_pN.T.
_PG álatas
_xComentarios.
630 _aBiblia
_pN.T.
_pRomanos
_xComentarios.
910 _ajck
_bjvq
_cjck
_d20150616
942 _2ddc
_cBOOK
949 _a227.1 A31
_wDEWEY
_c1
_i13469
_lCCODEBUL1
_mBUL
_p12.00
_r0
_sY
_tBOOK
_u19770830
_xTEOLOGIA
_PP35
_0COMPRA
_o.STAFF. Colección Teología
994 _aC0
_bPEPRU
596 _a1
999 _a227.1 A31
_wDEWEY
_c3778
_i13469
_d3778
_e2015-11-16
_f2021-11-9
_g5
_lCCODEBUL1
_mBUL
_n2
_p12.00
_r0
_sY
_tBOOK
_u2015-6-17
_xTEOLOGIA
_PP35
_0COMPRA
_o.STAFF. Colección Teología
980 _81
_gALBERTO SANCHEZ Responsable de Automatización